| 000 | 00665nam a2200217 i 4500 | ||
|---|---|---|---|
| 001 | 106098 | ||
| 003 | ES-MaACL | ||
| 005 | 20250624062525.0 | ||
| 007 | t| | ||
| 008 | 060927s1943 sp ||||1| spa d | ||
| 080 | _a821.134.2-23"19" | ||
| 100 | 1 |
_aValle-Inclán, Ramón del, _d1866-1936 _9112796 |
|
| 245 | 1 | 0 |
_aDivinas palabras _b: tragicomedia de aldea / _cpor Don Ramón del Valle Inclán. |
| 260 |
_aMadrid : _bRua Nueva, _c[1943] |
||
| 300 |
_a283 p. ; _c18 cm. |
||
| 490 | 1 |
_aOpera omnia ; _v21 |
|
| 500 | _aBiblioteca Juan Andrade. | ||
| 830 | 0 |
_aOpera omnia ; _v21 _9187581 |
|
| 852 |
_aES-MaACL _jAND-844 _bR.110135 |
||
| 999 |
_c106098 _d106098 |
||